Engineering Mechanics Dynamics / (Record no. 611258)

000 -LEADER
fixed length control field 00384nam a22001457a 4500
020 ## - INTERNATIONAL STANDARD BOOK NUMBER
International Standard Book Number 9780133915389
040 ## - CATALOGING SOURCE
Transcribing agency NUST
082 ## - DEWEY DECIMAL CLASSIFICATION NUMBER
Classification number 620.104
Author Mark HIB
100 ## - MAIN ENTRY--PERSONAL NAME
Personal name Hibbeler, R.C.
245 ## - TITLE STATEMENT
Title Engineering Mechanics Dynamics /
Statement of responsibility, etc. R. C. Hibbeler
250 ## - EDITION STATEMENT
Edition statement 14th Ed.
260 ## - PUBLICATION, DISTRIBUTION, ETC.
Place of publication, distribution, etc. London :
Name of publisher, distributor, etc. Person Education ,
Date of publication, distribution, etc. 2016.
300 ## - PHYSICAL DESCRIPTION
Extent xxiii,760p. ;
Other physical details HardBinding
Dimensions 25cm.
942 ## - ADDED ENTRY ELEMENTS (KOHA)
Source of classification or shelving scheme
Koha item type Book
Holdings
Withdrawn status Lost status Source of classification or shelving scheme Damaged status Not for loan Permanent Location Current Location Shelving location Date acquired Total Checkouts Total Renewals Full call number Barcode Checked out Date last seen Date last checked out Price effective from Koha item type
          School of Mechanical & Manufacturing Engineering (SMME) School of Mechanical & Manufacturing Engineering (SMME) Aerospace Engineering 08/29/2024 2 2 620.104 HIB SMME-4603 05/27/2026 01/20/2026 01/20/2026 08/29/2024 Book
          School of Mechanical & Manufacturing Engineering (SMME) School of Mechanical & Manufacturing Engineering (SMME) Aerospace Engineering 08/29/2024 1 3 620.104 HIB SMME-4604 05/06/2026 01/19/2026 01/19/2026 08/29/2024 Book
          School of Mechanical & Manufacturing Engineering (SMME) School of Mechanical & Manufacturing Engineering (SMME) Aerospace Engineering 08/29/2024 1   620.104 HIB SMME-4605 07/04/2025 03/06/2025 03/06/2025 08/29/2024 Book
© 2023 Central Library, National University of Sciences and Technology. All Rights Reserved.